00544nam a22001577a 4500003000400000008004100004020001800045082001500063100001900078245003200097260005100129300001000180942001200190999001700202952016700219OSt240828b |||||||| |||| 00| 0 eng d a9788120811607 a891.2bFRW aFRAWLEY, David aWisdom of the Ancient Seers aDelhi:bMotilal Banarsidass Publishers,c1992. a275p. 2ddccBK c12843d12843 00102ddc40708IKSaPIETbPIETd2024-08-29eZafaa Books and DistributorsfINRg325.00kZBD0134l0o891.2 FRWp38394r2024-08-29 00:00:00v243.75w2024-08-12yBK